000 00665nam a22002057a 4500
999 _c15015
_d15015
003 AR-CdUCM
008 190425b ||||| |||| 00| 0 spa d
020 _a978-607-404-823-0
040 _aMUNICIPALIDAD PROVINCIAL DEL CUSCO
_cBIBLIOTECA MUNICIPAL DEL CUSCO
082 _aPI / 376.1 /
_bN57
100 _aNiipola, Jani
_934020
245 _aAngry birds :
_bJamóween /
260 _aMéxico :
_bRovio entertainment,
_c2012.
300 _a35 páginas ;
_bIlustraciones,
_c21 cm.
650 _aLiteratura infantil
_9588
650 _aCuento infantil
_93319
700 _aCaballero, Samantha (traducción)
_924667
942 _2ddc
_cLIBROS
945 _aacv
_d2019-04-25